Most Populated Countries in 2100 - Statistics

General Stats
  • This quiz has been taken 11 times
  • The average score is 18 of 24
Answer Stats
Population
(en million)
Pays % Correct
641 China
100%
202 Egypt
100%
1,509 India
100%
126.4 Russia
100%
422 United States
100%
164 Brazil
89%
296 Indonesia
89%
131 Mexico
89%
477 Nigeria
89%
209 Bangladesh
78%
429 D.R. of Congo
78%
366 Ethiopia
78%
104.2 Kenya
78%
510 Pakistan
78%
262 Tanzania
78%
120.8 Uganda
78%
100.6 Iraq
67%
114.6 Phillippines
67%
137 Sudan
67%
149 Angola
56%
103.7 Ivory Coast
56%
104.1 Mozambique
56%
109.9 Yemen
33%
129 Afghanistan
22%
No matching quizzes found
Score Distribution
Percent of People with Each Score
Percentile by Number Answered
Your Score History
You have not taken this quiz